000 00326nam a2200133Ia 4500
008 231017s9999 xx 000 0 und d
082 _a624.1513VER
082 _bVER
245 0 _aSoil Mechanics - Deft University of Technology
245 0 _cArnold Verruijt
260 _bArnold Verruijt
300 _c30cm
942 _cREP
999 _c603762
_d603762